The betweenness of place : towards a geography of modernity
Αποθηκεύτηκε σε:
| Κύριος συγγραφέας: | |
|---|---|
| Μορφή: | Βιβλίο |
| Γλώσσα: | English |
| Δημοσίευση: |
Baltimore :
John Hopkins University Press,
1991
|
| Θέματα: | |
| Ετικέτες: |
Προσθήκη ετικέτας
Δεν υπάρχουν, Καταχωρήστε ετικέτα πρώτοι!
|
MARC
| LEADER | 00000nam a2200000 i 4500 | ||
|---|---|---|---|
| 001 | 1/101292 | ||
| 008 | 951209s1991 eng d | ||
| 020 | |a 0-8018-4083-X | ||
| 035 | |l 10012047 | ||
| 040 | |a GR-MY-UA |b gre |e aacr | ||
| 041 | 0 | |a eng | |
| 082 | 0 | |a 910.01 | |
| 100 | 1 | |a Entrikin, Nicholas J. | |
| 245 | 1 | 4 | |a The betweenness of place : |b towards a geography of modernity / |c J. Nicholas Entrikin |
| 260 | |a Baltimore : |b John Hopkins University Press, |c 1991 | ||
| 300 | |a 196 p. | ||
| 504 | |a Includes bibliographical references | ||
| 650 | 0 | 0 | |a Geography |x Philosophy. |
| 852 | |a INST |b LESVOS |e 19951209 |h 910.01 ENT |p 005100007311 |q 005100007311 |t BK |y 0 | ||
| 909 | |a Λ |b 043573 | ||
| 950 | |a 171-1995-02-23 | ||